Online katalóg knižníc regiónu Turca

Spoveď zlej matky (Record no. 22210)

MARC details
000 -LEADER
fixed length control field 01661cam a2200457 a 4500
001 - CONTROL NUMBER
control field 22210
003 - CONTROL NUMBER IDENTIFIER
control field VRT
005 - DATE AND TIME OF LATEST TRANSACTION
control field 20260323133651.0
008 - FIXED-LENGTH DATA ELEMENTS--GENERAL INFORMATION
fixed length control field 150827s2006 xo g 000 f slo
015 ## - NATIONAL BIBLIOGRAPHY NUMBER
National bibliography number SNBA2007/03-00932
020 ## - INTERNATIONAL STANDARD BOOK NUMBER
International Standard Book Number 8080890307
Qualifying information ( viaz.)
035 ## - SYSTEM CONTROL NUMBER
System control number C78CAEBA-A9DB-4ACC-B181-F645B861F457
035 ## - SYSTEM CONTROL NUMBER
System control number urn:nbn:sk:snk-amjeed
035 ## - SYSTEM CONTROL NUMBER
System control number urn:nbn:sk:snk-am000z81
039 #9 - LEVEL OF BIBLIOGRAPHIC CONTROL AND CODING DETAIL [OBSOLETE]
Level of rules in bibliographic description 202106102000
Level of effort used to assign nonsubject heading access points AUTHORITY
Level of effort used to assign subject headings 202106101950
Level of effort used to assign classification AUTHORITY
Level of effort used to assign subject headings 202106101942
Level of effort used to assign classification csnk01
Level of effort used to assign subject headings 201803221430
Level of effort used to assign classification csnkv01
040 ## - CATALOGING SOURCE
Original cataloging agency POKPOH
Language of cataloging slo
Transcribing agency POKPOH
Modifying agency SNK
Description conventions AACR2
041 1# - LANGUAGE CODE
Language code of text/sound track or separate title slo
Language code of original eng
044 ## - COUNTRY OF PUBLISHING/PRODUCING ENTITY CODE
MARC country code xo
ISO country code SK
072 #7 - SUBJECT CATEGORY CODE
Subject category code 821.111-3
Subject category code subdivision Anglická próza, anglicky písaná
Source konspekt
080 ## - UNIVERSAL DECIMAL CLASSIFICATION NUMBER
Universal Decimal Classification number 821.111-32
Edition identifier 2001
080 ## - UNIVERSAL DECIMAL CLASSIFICATION NUMBER
Universal Decimal Classification number 173.5
Edition identifier 2001
080 ## - UNIVERSAL DECIMAL CLASSIFICATION NUMBER
Universal Decimal Classification number (0:82-321.5)
Edition identifier 2001
100 1# - MAIN ENTRY--PERSONAL NAME
Personal name Calman, Stephanie
Relationship aut
240 10 - UNIFORM TITLE
Uniform title Confessions of a bad mother
Language of a work Slovensky
245 10 - TITLE STATEMENT
Title Spoveď zlej matky
Statement of responsibility, etc. Stephanie Calmanová ; [z anglického originálu preložila Nataša Holinová]
250 ## - EDITION STATEMENT
Edition statement 1. vyd.
260 ## - PUBLICATION, DISTRIBUTION, ETC.
Place of publication, distribution, etc. Bratislava
Name of publisher, distributor, etc. Fragment
Date of publication, distribution, etc. 2006
300 ## - PHYSICAL DESCRIPTION
Extent 296 s.
Dimensions 20 cm
650 07 - SUBJECT ADDED ENTRY--TOPICAL TERM
Topical term or geographic name entry element materstvo
Source of heading or term SNKPH
655 #7 - INDEX TERM--GENRE/FORM
Genre/form data or focus term anglické príbehy
Source of term SNKPH
655 #7 - INDEX TERM--GENRE/FORM
Genre/form data or focus term humoristické príbehy
Source of term SNKPH
700 1# - ADDED ENTRY--PERSONAL NAME
Personal name Holinová, Nataša
Relationship trl
942 ## - ADDED ENTRY ELEMENTS (KOHA)
Source of classification or shelving scheme Dewey Decimal Classification
Koha item type Krásna literatúra pre dospelých
Suppress in OPAC No
949 ## - LOCAL PROCESSING INFORMATION (OCLC)
6 17A0535872
a snkSD 76179
b snk2007/618
o 2603/06
949 ## - LOCAL PROCESSING INFORMATION (OCLC)
6 2889121163
a savukPV 10355
b savuk2007/49
949 ## - LOCAL PROCESSING INFORMATION (OCLC)
6 17A0535871
a snkSD 76179 D1
b snk2007/619
o 2603/06
s 6100:20140925
949 ## - LOCAL PROCESSING INFORMATION (OCLC)
6 4710709064
a strmkB
b strmk2008/9064
949 ## - LOCAL PROCESSING INFORMATION (OCLC)
6 3869A01732
a bpksh821.111-31
b bpksh54151
949 ## - LOCAL PROCESSING INFORMATION (OCLC)
6 3912001078
a knkjsp2/B
b knkjs2008/261771
949 ## - LOCAL PROCESSING INFORMATION (OCLC)
6 273K0462650
a svkpoA 197447
b svkpo493776
Holdings
Stav vyradenia Strata Poškodenie Spôsob nadobudnutia Domovská knižnica Aktuálna knižnica Dátum nadobudnutia Total checkouts Čiarový kód exemplára Date last seen Typ exemplára
      Dar Obecná knižnica Turčianska Štiavnička Obecná knižnica Turčianska Štiavnička 23.03.2026   4738000673 23.03.2026 Krásna literatúra pre dospelých
Projekt je podporený Slovenskou asociáciou knižníc
Prevádzkuje Turčianska knižnica Martin 2026